00351nam a2200133Ia 4500008004100000041001200041082001100053100002500064245006200089260001600151650000700167700002200174700002100196221030s9999 xx 000 0 und d aEnglish a105.23 aShradha Gandotra/336 0aAUTOMATIC INDUCTION MOTOR STARTER WITH PROGRAMMABLE TIMER aJammuc2001 aEE aAditi Khajura/391 aVikram Jolly/338